Города по Фото — К - Statistics

General Stats
  • This quiz has been taken 31 times
  • The average score is 8 of 24
Answer Stats
Picture Answer % Correct
Копенгаген
86%
Казань
81%
Киото
71%
Киев
67%
Куала-Лумпур
62%
Кёльн
62%
Калининград
48%
Краков
43%
Кейптаун
38%
Каир
33%
Кингстон
29%
Кембридж
24%
Квебек
19%
Калькутта
19%
Каракас
19%
Карловы Вары
14%
Кронштадт
14%
Катманду
10%
Кито
10%
Куско
5%
Кордова
5%
Куинстаун
0%
Картахена
0%
Каркассон
0%
No matching quizzes found
Score Distribution
Percent of People with Each Score
Percentile by Number Answered
Your Score History
You have not taken this quiz